00538nam a22001457a 450000500170000002000180001703700080003510000170004324500960006026000310015627000970018730000280028449000640031270000160037620120103115217.0 a9788128624162 bPUB aLarry, H.I.  aVolcanic panic /cby H.I. Larry; illustrted by Andy Hookb(selected stories for children) / aMumbai bEuro Books c2006 aDani Corportate Park, First Floor, 158, Vidyanagari Marg, Kalina, SantacruzbMumbai e400098 a91p. bill.c20cm(pbk)  aZac power: 24 hours to save world...and sweep the driueway  a Hook, Andy